000 00377nam a22001577a 4500
003 MPLRDC
005 20220104144141.0
008 210129b ||||| |||| 00| 0 eng d
082 _a419.7 XSJ
100 _a萧士杰编
245 _a护理医学各科复习讲义
_c
260 _a
_b千华出版社
_c
300 _b
650 _a各种护理
942 _cBK
_o419.7 XSJ
999 _c46858
_d46848